| 000 | 00381nam a2200145Ia 4500 | ||
|---|---|---|---|
| 008 | 210210b1980 xxu||||| |||| 00| 0 eng d | ||
| 082 | _a155.6 KIMA | ||
| 100 | _aKIMMEL (Douglas C). | ||
| 245 | _aAdulthood and aging an interdisciplinary, developmental view. | ||
| 250 | _a | ||
| 260 |
_aNY _bJohn Wiley and Sons _c1980 |
||
| 300 | _a574 | ||
| 690 | _aPsychology | ||
| 906 | _a046713 | ||
| 999 |
_c95389 _d95389 |
||